00481nam a2200145Ia 4500008004100000041000800041100001100049245004400060260002400104300000900128520002500137999001900162650003000181952012400211230818s1993 xx 000 0 und d aeng aFoster aOperations , Methodes and cost controls bMc. Graw Hellc1993 a238p aGeneral | Hard Board c853885d853885 aFood and Beverage service 00104070aHMMbHMMd2023-08-18eSonhira book Centreg364.00l0pHMM-B333r2023-08-18 00:00:00v364.00w2023-08-18yBK